Upper Endoscopy for GI Fellows (Запис № 448823)

МАРК-запис
000 -LEADER
fixed length control field 03875nam a22005175i 4500
001 - CONTROL NUMBER
control field 978-3-319-49041-0
003 - CONTROL NUMBER IDENTIFIER
control field DE-He213
005 - DATE AND TIME OF LATEST TRANSACTION
control field 20210118134130.0
007 - PHYSICAL DESCRIPTION FIXED FIELD--GENERAL INFORMATION
fixed length control field cr nn 008mamaa
008 - FIXED-LENGTH DATA ELEMENTS--GENERAL INFORMATION
fixed length control field 170516s2017 gw | s |||| 0|eng d
020 ## - INTERNATIONAL STANDARD BOOK NUMBER
International Standard Book Number 9783319490410
-- 978-3-319-49041-0
024 7# - OTHER STANDARD IDENTIFIER
Standard number or code 10.1007/978-3-319-49041-0
Source of number or code doi
050 #4 - LIBRARY OF CONGRESS CALL NUMBER
Classification number RC799-869
072 #7 - SUBJECT CATEGORY CODE
Subject category code MJH
Source bicssc
072 #7 - SUBJECT CATEGORY CODE
Subject category code MED031000
Source bisacsh
072 #7 - SUBJECT CATEGORY CODE
Subject category code MJH
Source thema
082 04 - DEWEY DECIMAL CLASSIFICATION NUMBER
Classification number 616.33
Edition number 23
245 10 - TITLE STATEMENT
Title Upper Endoscopy for GI Fellows
Medium [electronic resource] /
Statement of responsibility, etc edited by Douglas G. Adler.
250 ## - EDITION STATEMENT
Edition statement 1st ed. 2017.
264 #1 -
-- Cham :
-- Springer International Publishing :
-- Imprint: Springer,
-- 2017.
300 ## - PHYSICAL DESCRIPTION
Extent XIII, 182 p. 141 illus., 120 illus. in color.
Other physical details online resource.
336 ## -
-- text
-- txt
-- rdacontent
337 ## -
-- computer
-- c
-- rdamedia
338 ## -
-- online resource
-- cr
-- rdacarrier
347 ## -
-- text file
-- PDF
-- rda
505 0# - FORMATTED CONTENTS NOTE
Formatted contents note How to Perform a High Yield Esophagogastroduodenoscopy -- Nonvariceal Upper Gastrointestinal Bleeding -- Variceal Upper GI Bleeding -- Foreign Body Removal -- Diagnosis and Management of Barrett’s Esophagus -- Benign Strictures of the Esophagus, Stomach and Duodenum: Evaluation and Management -- Malignant Strictures of the Esophagus, Stomach and Duodenum: Evaluation and Management -- Endoscopic appearance after foregut surgery -- Enteral Feeding Tubes: What every fellow should know -- Complications of upper endoscopy and their management -- Pediatric EGD -- Evaluation and management of mucosal and submucosal lesions in the foregut -- Enteroscopy for GI Fellows -- Quality in Upper Endoscopy.
520 ## - SUMMARY, ETC.
Summary, etc This volume provides a concise overview of the most important and vital aspects of upper endoscopy. The text is specifically geared towards first-year GI fellows and novice endoscopists in order to help them rapidly assimilate the core concepts needed to perform upper endoscopy in the most important and most commonly encountered clinical situations. The book also covers the most important variations of normal anatomy and pathology and how to manage them. Key concepts covered include foreign body removal, diagnosis and management of upper GI bleeding, Barrett's Esophagus, evaluation and management of benign and malignant strictures of the esophagus, stomach, and duodenum, submucosal lesions, and evaluation of post operative upper GI anatomy. A plethora of high quality color illustrations and narrated online video clips illustrate major concepts in the book are also included. Written by experts in the field, Upper Endoscopy for GI Fellows is a valuable resource for new physicians just starting to perform upper endoscopy. .
506 ## - RESTRICTIONS ON ACCESS NOTE
Terms governing access Available to subscribing member institutions only. Доступно лише організаціям членам підписки.
506 ## - RESTRICTIONS ON ACCESS NOTE
Standardized terminology for access restriction Online access from local network of NaUOA.
506 ## - RESTRICTIONS ON ACCESS NOTE
Standardized terminology for access restriction Online access with authorization at https://link.springer.com/
506 ## - RESTRICTIONS ON ACCESS NOTE
Standardized terminology for access restriction Онлайн-доступ з локальної мережі НаУОА.
506 ## - RESTRICTIONS ON ACCESS NOTE
Standardized terminology for access restriction Онлайн доступ з авторизацією на https://link.springer.com/
650 #0 - SUBJECT ADDED ENTRY--TOPICAL TERM
Topical term or geographic name as entry element Gastroenterology .
650 14 - SUBJECT ADDED ENTRY--TOPICAL TERM
Topical term or geographic name as entry element Gastroenterology.
-- http://scigraph.springernature.com/things/product-market-codes/H33061
700 1# - ADDED ENTRY--PERSONAL NAME
Personal name Adler, Douglas G.
Relator term editor.
Relator code edt
-- http://id.loc.gov/vocabulary/relators/edt
710 2# - ADDED ENTRY--CORPORATE NAME
Corporate name or jurisdiction name as entry element SpringerLink (Online service)
773 0# - HOST ITEM ENTRY
Title Springer eBooks
776 08 - ADDITIONAL PHYSICAL FORM ENTRY
Display text Printed edition:
International Standard Book Number 9783319490397
776 08 - ADDITIONAL PHYSICAL FORM ENTRY
Display text Printed edition:
International Standard Book Number 9783319490403
776 08 - ADDITIONAL PHYSICAL FORM ENTRY
Display text Printed edition:
International Standard Book Number 9783319840741
856 40 - ELECTRONIC LOCATION AND ACCESS
Uniform Resource Identifier <a href="https://doi.org/10.1007/978-3-319-49041-0">https://doi.org/10.1007/978-3-319-49041-0</a>
912 ## -
-- ZDB-2-SME
942 ## - ADDED ENTRY ELEMENTS (KOHA)
Koha item type ЕКнига

Немає доступних примірників.